000 00733nam a2200289Ia 4500
005 20260324111406.0
008 008 260324s9999 xx 000 0 eng d
020 _a9781003373063
037 _aEBOOK
040 _aCRL
040 _beng
040 _cCRL
041 _2eng
041 _aeng
084 _qCRL
100 _aThomas John Bernard; Marcy Linton
_91138370
245 0 _aHistorical Pattern Archive 2
245 0 _bWomen’s Clothing from the Historic Clothing Collection 1820-1938
260 _bTaylor and Francis
260 _c2025
365 _a
365 _b230
856 _uhttp://www.taylorfrancis.com/books/9781003373063
942 _cEBOOK
999 _c1727177
_d1727177